| 000 | 00597nam a2200205Ia 4500 | ||
|---|---|---|---|
| 001 | 9196 | ||
| 003 | AR-BaAGN | ||
| 005 | 20231116141425.0 | ||
| 007 | ta | ||
| 008 | 211213s1890 ag |||||||||||||| ||spa d | ||
| 040 |
_dAR-BaAGN _aAR-BaAGN _bspa _eaacr |
||
| 110 | _aCámara de Senadores de la Provincia de Buenos Aires | ||
| 245 | 1 | 0 |
_aReglamento de la H. Cámara de Senadores de la Provincia de Buenos Aires : _bsancionado en 1890 |
| 260 |
_aLa Plata : _bMuseo, _c1890. |
||
| 300 | _a35 páginas | ||
| 336 |
_2rdacontent _btxt |
||
| 337 |
_2rdamedia _bn |
||
| 338 |
_2rdacarrier _bnc |
||
| 942 | _cLIBRO | ||
| 999 |
_c9196 _d9196 |
||